101 smart questions to ask on your interview / (Record no. 275991)
[ view plain ]
| 000 -LEADER | |
|---|---|
| fixed length control field | 01338cam a22003254a 4500 |
| 001 - CONTROL NUMBER | |
| control field | 15411385 |
| 005 - DATE AND TIME OF LATEST TRANSACTION | |
| control field | 20141001145933.0 |
| 008 - FIXED-LENGTH DATA ELEMENTS--GENERAL INFORMATION | |
| fixed length control field | 080813s2009 at 001 0 eng |
| 010 ## - LIBRARY OF CONGRESS CONTROL NUMBER | |
| LC control number | 2008935217 |
| 020 ## - INTERNATIONAL STANDARD BOOK NUMBER | |
| International Standard Book Number | 9781598638547 |
| 020 ## - INTERNATIONAL STANDARD BOOK NUMBER | |
| International Standard Book Number | 1598638548 |
| 040 ## - CATALOGING SOURCE | |
| Original cataloging agency | DLC |
| Transcribing agency | DLC |
| Modifying agency | DLC |
| 050 00 - LIBRARY OF CONGRESS CALL NUMBER | |
| Classification number | HF 5549.5.I6 |
| Item number | .F757 2009 |
| 082 00 - DEWEY DECIMAL CLASSIFICATION NUMBER | |
| Classification number | 650.14/4 |
| 100 1# - MAIN ENTRY--PERSONAL NAME | |
| Personal name | Fry, Ron. |
| 245 10 - TITLE STATEMENT | |
| Title | 101 smart questions to ask on your interview / |
| Statement of responsibility, etc | Ron Fry. |
| 246 3# - VARYING FORM OF TITLE | |
| Title proper/short title | One hundred one smart questions to ask on your interview |
| 246 3# - VARYING FORM OF TITLE | |
| Title proper/short title | One hundred and one smart questions to ask on your interview |
| 250 ## - EDITION STATEMENT | |
| Edition statement | 3rd ed. |
| 260 ## - PUBLICATION, DISTRIBUTION, ETC. (IMPRINT) | |
| Place of publication, distribution, etc | Australia ; |
| -- | Boston, MA : |
| Name of publisher, distributor, etc | Course Technology, |
| Date of publication, distribution, etc | c2009. |
| 300 ## - PHYSICAL DESCRIPTION | |
| Extent | xvi, 147 pages : |
| Dimensions | 22 cm. |
| 500 ## - GENERAL NOTE | |
| General note | Includes index. |
| 650 #0 - SUBJECT ADDED ENTRY--TOPICAL TERM | |
| Topical term or geographic name as entry element | Employment interviewing. |
| 856 42 - ELECTRONIC LOCATION AND ACCESS | |
| Materials specified | Contributor biographical information |
| Uniform Resource Identifier | <a href="http://www.loc.gov/catdir/enhancements/fy1104/2008935217-b.html">http://www.loc.gov/catdir/enhancements/fy1104/2008935217-b.html</a> |
| 856 42 - ELECTRONIC LOCATION AND ACCESS | |
| Materials specified | Publisher description |
| Uniform Resource Identifier | <a href="http://www.loc.gov/catdir/enhancements/fy1104/2008935217-d.html">http://www.loc.gov/catdir/enhancements/fy1104/2008935217-d.html</a> |
| 856 41 - ELECTRONIC LOCATION AND ACCESS | |
| Materials specified | Table of contents only |
| Uniform Resource Identifier | <a href="http://www.loc.gov/catdir/enhancements/fy1104/2008935217-t.html">http://www.loc.gov/catdir/enhancements/fy1104/2008935217-t.html</a> |
| 906 ## - LOCAL DATA ELEMENT F, LDF (RLIN) | |
| a | 7 |
| b | cbc |
| c | orignew |
| d | 2 |
| e | epcn |
| f | 20 |
| g | y-gencatlg |
| 942 ## - ADDED ENTRY ELEMENTS (KOHA) | |
| Source of classification or shelving scheme | Library of Congress Classification |
| Koha item type | Books |
| Call number prefix | Foreign |
| Withdrawn status | Lost status | Source of classification or shelving scheme | Damaged status | Home library | Current library | Shelving location | Date acquired | Total Checkouts | Full call number | Barcode | Date last seen | Copy number | Price effective from | Koha item type | Source of acquisition | Total Renewals | Date checked out |
|---|---|---|---|---|---|---|---|---|---|---|---|---|---|---|---|---|---|
| Library of Congress Classification | College Library | College Library | General Circulation Section | 10/11/2012 | HF 5549.5.I6 .F757 2009 | C16340 | 05/15/2018 | 1 | 03/10/2014 | Books | |||||||
| Library of Congress Classification | College Library | College Library | General Circulation Section | 10/01/2014 | 2 | HF 5549.5.I6 .F757 2009 | C18818 | 05/15/2018 | 10/01/2014 | Books | Library Fund | 6 | 01/21/2016 |